| 000 | 00879nam a22002297a 4500 | ||
|---|---|---|---|
| 999 |
_c13844 _d13844 |
||
| 003 | AR-CdUCM | ||
| 008 | 190416b ||||| |||| 00| 0 spa d | ||
| 040 |
_aMUNICIPALIDAD PROVINCIAL DEL CUSCO _cBIBLIOTECA MUNICIPAL DEL CUSCO |
||
| 082 |
_a839.1 / _bB74 / 1951 |
||
| 100 |
_aBorges, Jorge Luis _92792 |
||
| 245 | _aAntiguas literaturas germánicas / | ||
| 260 |
_aMéxico, D.F : _bFondo de Cultura Económica, _c1951. |
||
| 300 |
_a179 páginas ; _bIlustraciones, _c18 cm. |
||
| 440 |
_aAntiguas Literaturas Germánicas _n53 _932412 |
||
| 505 | _aContenido: Literatura de la Inglaterra Germánica -- Literatura escandinava -- Literatura alemana. | ||
| 650 |
_aHistoria y crítica _95993 |
||
| 650 |
_aLiteratura germánica _926304 |
||
| 650 |
_aLiteratura Europea _9894 |
||
| 710 |
_aDelia Ingenieros (colaborador) _932413 |
||
| 942 |
_2ddc _cLIBROS |
||
| 945 |
_acmm _d2019-04-16 |
||